Other Common Names for Sugar - Statistics

General Stats
  • This quiz has been taken 19 times
  • The average score is 2 of 10
Answer Stats
Answer % Correct
Glucose
69%
Sucrose
56%
High-Fructose Corn Syrup
31%
Lactose
31%
Agave Nectar
13%
Brown Rice Syrup
13%
Dextrose
13%
Evaporated Cane Juice
13%
Malt Syrup
6%
Molasses
0%
No matching quizzes found
Score Distribution
Percent of People with Each Score
Percentile by Number Answered
Your Score History
You have not taken this quiz